[Event "ECU-ch U16"]
[Site "Guayaquil"]
[Date "2019.04.21"]
[Round "8"]
[White "Zambrano Vera, Joseph Miguel"]
[Black "Villagomez Martinez, Luis Angel"]
[Result "0-1"]
[WhiteElo "1453"]
[BlackElo "1344"]
[PlyCount "58"]
[EventDate "2019.04.17"]
[EventType "swiss"]
[EventRounds "9"]
[EventCountry "ECU"]
[SourceTitle "CBM 190 Extra"]
[Source "ChessBase"]
[SourceDate "2019.07.15"]
[SourceVersion "1"]
[SourceVersionDate "2019.07.15"]
[SourceQuality "1"]

1. e4 e5 2. Nf3 Nc6 3. d4 exd4 4. Nxd4 Nf6 5. Nxc6 bxc6 6. Qe2 Bc5 7. e5 Nd5 8. Qg4 Bf8 9. Bg5 f6 10. exf6 Nxf6 11. Qe2+ Qe7 12. Bxf6 Qxe2+ 13. Bxe2 gxf6 14. Nc3 Bb4 15. Kd2 d5 16. a3 Ba5 17. b4 Bb6 18. f4 Be6 19. Rhe1 Kd7 20. Bf3 Rhe8 21. Re2 Bf7 22. Rae1 Rxe2+ 23. Rxe2 Re8 24. Na4 Rxe2+ 25. Bxe2 Kd6 26. Nb2 c5 27. Nd3 cxb4 28. axb4 c5 29. c3 a5 0-1